Регионална библиотека "Любен Каравелов" - Русе

Изповед : автобиография в три тома (Запис номер 535240)

MARC детайли
000 -Лидер
Контролно поле с фиксирана дължина 01957nam a2200469 c 4500
003 - Код на организацията, давaща контролен номер
Контролно поле BLK
005 - Дата и час на последна редакция
Контролно поле 20250729112747.0
008 - Елементи от данни с фиксирана дължина
fixed length control field 180408b bul|||||r ||||||| ||bul||
020 ## - Международен стандартен номер на книга ISBN
Международен стандартен номер на книга ISBN 9786199287736
040 ## - Източник на каталожния запис
Идентификатор на билиотеката - собственик на записа BLK
041 ## - Код за език
Код за езика на текст/звукозапис или на отделно заглавие Български
Код за езика КДБФ Български
080 ## - УДК
Текстов определител УДК Българска литература
УДК код - определител по УДК 821.163.2
УДК определител -94
УДК - код + определител 821.163.2-94
080 ## - УДК
Текстов определител УДК Музикални изпълнители (инструменталисти, певци), интерпретатори, диригенти
УДК код - определител по УДК 78.071.2
УДК определител (497.2)(092)
УДК - код + определител 78.071.2(497.2)(092)
080 ## - УДК
Текстов определител УДК Българска естрадна певица
УДК код - определител по УДК 929 Христова, Йорданка
УДК - код + определител 929 Христова, Йорданка
100 ## - Редна дума - Автор
Автор Христова, Йорданка
Дати, свързани с автора 1943 -
Пълна форма на името Иванова, Йорданка Христова
R(LIN) 494065
139 ## - Редно поле
Авторски знак Христова - Х 79
245 10 - Сведения за заглавието
Заглавие Изповед : автобиография в три тома
Подзаглавни данни Т. 2. Песен моя, обич моя
Редно поле (дума) Йорданка Христова
257 ## - Страна на издаване
Страна на създаване/издаване България
260 ## - Област на издателските данни
Име на издателя, разпространителя и проч. Изд. авт.
Година на издаване 2024
9 (RLIN) 219492
Място на издаване, разпространение и проч. София
300 ## - Физическа характеристика
Страници 415 с.
Илюстрации и др. с ил.
Размери/Мащаб 21 см
380 ## - Жанр
Жанр Худож. лит.
590 ## - Забележки на библиотеката, притежаваща документа (RLIN)
Служебно ф
600 #0 - Име на лице, използвано като предмет
За него / За нея Христова, Йорданка
9 (RLIN) 494065
650 #4 - Допълнително описание по предмет – тема
Основно описание – тема или топоним Певци, български
9 (RLIN) 262635
650 #4 - Допълнително описание по предмет – тема
Основно описание – тема или топоним Музиканти, български - мемоари, спомени, интервюта
9 (RLIN) 255674
650 #4 - Допълнително описание по предмет – тема
Основно описание – тема или топоним Естрадни изпълнители, български - спомени
9 (RLIN) 266318
653 ## - Ключова дума – ненормативна
Ключова дума български певци
653 ## - Ключова дума – ненормативна
Ключова дума български музиканти
653 ## - Ключова дума – ненормативна
Ключова дума естрадни певци
653 ## - Ключова дума – ненормативна
Ключова дума биографии
653 ## - Ключова дума – ненормативна
Ключова дума спомени
653 ## - Ключова дума – ненормативна
Ключова дума мемоари
856 4# - Електронен адрес и достъп
Електронен формат pdf - файл
856 4# - Електронен адрес и достъп
Електронен формат pdf - файл
942 ## - АРТИКУЛИ
Вид на библиотечния материал Книги
Скрит в OPAC Не
Koha issues (borrowed), all copies 104
944 ## - СЪЗДАВАНЕ И РЕДАКЦИЯ на ЗАПИСА
Дата на регистрацията/редакция Нора Радева
Служител, извършил регистрацията/редакцията 30576
Статус, дата на статуса Цветомила Тодорова
999 ## - СИСТЕМНИ КОНТРОЛНИ НОМЕРА
Koha biblionumber 535240
Koha biblioitemnumber 535240
999 ## - СИСТЕМНИ КОНТРОЛНИ НОМЕРА
Koha biblioitemnumber 535240
999 ## - СИСТЕМНИ КОНТРОЛНИ НОМЕРА
Koha biblioitemnumber 517396
999 ## - СИСТЕМНИ КОНТРОЛНИ НОМЕРА
Koha biblioitemnumber 517396
999 ## - СИСТЕМНИ КОНТРОЛНИ НОМЕРА
Koha biblioitemnumber 517396
999 ## - СИСТЕМНИ КОНТРОЛНИ НОМЕРА
Koha biblioitemnumber 517396
Наличности
Код за отписване Код за изгубен артикул Източник на класификационната схема Код за повреда Код за отдаване Артикулен № Име на библиотеката - собственик Име на библиотеката, в която се намира в момента Статус (Текущо местоположение) Дата на вписване в системата Местоположение - отдел Цена в лева Инвентарен номер Систематично азбучна сигнатура Баркод Цена в евро Служебен тип на артикула
  Не е изгубен Universal Decimal Classification Не е повреден заемане за дома 970447 Регионална библиотека "Любен Каравелов" Русе Регионална библиотека "Любен Каравелов" Русе Заемна - подръчен фонд 2025-05-13 Заемна - подръчен фонд 20.00 120000919285 821.163.2-94/Х 79 Й 120000919285 10.23 Книги
  Не е изгубен Universal Decimal Classification Не е повреден заемане за дома 970448 Регионална библиотека "Любен Каравелов" Русе Регионална библиотека "Любен Каравелов" Русе Заемна - подръчен фонд 2025-05-13 Заемна - подръчен фонд 20.00 120000919286 821.163.2-94/Х 79 Й 120000919286 10.23 Книги
Vip Innovations Ltd, Rousse, Bulgaria 2025